| 000 | 00365nam a22001457a 4500 | ||
|---|---|---|---|
| 005 | 20171205161159.0 | ||
| 008 | 171205b xxu||||| |||| 00| 0 eng d | ||
| 041 | _aeng | ||
| 082 | _a622.6 | ||
| 100 |
_aCHAKRABHARTI, DR.P.K. _94005 |
||
| 245 |
_aMINE PUMPS FOR UNDER GROUND DRANAGE _cDR.P.K.CHAKRABHARTI |
||
| 260 |
_aRANCHI _bCMPDI |
||
| 300 | _a176p. | ||
| 942 | _cBK | ||
| 999 |
_c5659 _d5657 |
||